Yleisurheilun Kalevan Maljan voittajaseurat - Statistics

Yleistilastot
  • Tätä visaa on pelattu 21 kertaa
  • Keskiarvotulos 7 / 13
Vastaustilastot
Voittomäärä Seura % Oikein
10 Tampereen Pyrintö
95%
14 Turun Urheiluliitto
89%
56 Helsingin Kisa-Veikot
79%
7 Jyväskylän Kenttäurheilijat
79%
4 Lahden Ahkera
79%
2 Oulun Pyrintö
79%
7 Helsingfors IFK
63%
1 Espoon Tapiot
47%
7 Viipurin Urheilijat
47%
1 Porvoon Akilles
16%
1 Kronohagens IF
11%
2 Helsingin Poliisi-Voimailijat
5%
2 Kouvolan Urheilijat
5%
Ehtoja vastaavia visoja ei löytynyt
Tulosjakauma
Jokaisen tuloksen saaneiden osuus
Persentiili vastausten määrän mukaan
Tuloshistoriasi
Et ole pelannut tätä visaa